00850nam a2200181 a 450000100100000000500170001000800410002704000250006810000270009324501080012026000400022830000200026870000270028895201200031595201050043595201110054099900170065100004323420201002040739.0140226s2013 dr 000 0 spa d aDO-SdBNPbspacBNPHU1 aBarina, Indiana97082510aResumen del proyecto de ley sobre salud sexual y salud reproductiva /cIndiana Bariana, Zobeida Cepeda. aSanto Domingo :bProfamilia,c2013. a11 p. ;c29 cm.12aCepeda, Zobeida970826 001054708DSaGRbGRcCTd2014-02-26iLF1l0o p43234-30r2020-06-25te. 3w2020-06-25yLFDSZPréstamo en sala 0010718PDaPDbPDcCTd2014-02-26iLF1l0o p43234-10r2020-06-25w2020-06-25yLFPDZNo se presta 0010718PDaPDbPDcCTd2014-02-26iLF1l0o p43234-20r2020-06-25te. 2w2020-06-25yLFPDZNo se presta c42723d42723